000 06376Cam#a22010215a#4500
003 AR-RoUNA
005 20260409115846.0
008 140529||||||||||||||||| |||| 0|||| d
020 _a4871403378 C1351
040 _aAR-RoUNA
_bspa
_dAR-RoUNA
041 _aeng
_hjpn
044 _aag
080 _a728.3
100 _aFutagawa, Yukio,
_d1932-
_4edt
_97570
245 1 0 _aGA Houses
_nNº41
246 _aGlobal Architecture.
_bProject 1994
260 _aTokio, Japon :
_bA.D.A. Edita,
_c1994
300 _a165 p. :
_bfot. byn.
_bgráficos
_bfot. col.
_c30x23 cm
505 _tINDICE
505 _tAcme Architects / Casa Hematian, Long Island, Nueva York, 1993. p. 10
505 _tAlbin Vasconcelos Elizondo / Casas Cuatro, Desierto de los Leones, México, Casa en Huixquilucan, Mexico, 1993. p. 14
505 _tAnderson-Schwartz / Casa Arizona, Flagstaff, Arizona, EE.UU, 1994. p. 17
505 _tBohlin Cywinski Jackson / Residencia de fin de semana en Las montañas Catoctin, Thurmant, Maryland, 1994. p. 20
505 _tBolles-Wilson / Haus Dub,Munster, Alemania, 1994. p. 22
505 _tBelzberg-Wittman Collaborative / Casa Locus-Motive, Montañas en Santa Mónica, Ventura County, California, 1995, p.24
505 _tBelzberg Design Studio / Casa 3, Pacifico Palisades, California, 1994. p. 30
505 _tTurnes Brooks / Casa Wisconsin, Weatby, Wisconsin, EE.UU, 1994. p. 32
505 _tCoelacanth Architects / Proyecto SD, Chiisagara-gun, Nagano, Japón, 1994. p. 34
505 _tCentral Office of Architecture / Estudio Hawkes, Los Angeles, California, 1995. p. 36
505 _tJo Coenen / Villa Swalmen, Swalmen, Países Bajos, 1991. p. 40
505 _tFernau & Hartman / Vivienda colectiva para el consorcio de Cheesecake, Mendocino County, California, 1994. p. 42
505 _tNorman Foster / Casa en Corsica, Sur de Corsica, Francia, 1993. p. 44
505 _tNorman Foster / Casa Maack-Schreiter, Ludenscheid, Alemania, 1994. p. 46
505 _tFrank O. Gehry / Residencia Lewis, Cleveland, Ohio, 1998. p. 50
505 _tVon Gerkan, Marg And Partners / Bloque de apartamentos Schone Aussicht, Hamburg, Alemania, 1992. p. 56
505 _tVolker Giencke / Casa Dr. Treiber, Graz, Austria, 1994. p. 58
505 _tAlexander Gorlin / Casa en Nueva Jersey, Pottersville, Nueva Jersey, 1994. p. 60
505 _tAlexander Gorlin / Casa Ruskin Square, Seaside, Florida, 1994. p. 64
505 _tHiroshi Hara / Casa Nakatsuka, Chuo-ku, Tokio, Japón, 1994. p. 66
505 _tZaha Hadid / Villas Hague, The Hague, Países Bajos, 1991. p. 68
505 _tHarari & Harari / Casa Riverbend, Great Falls, Virginia, 1995. p. 72
505 _tChristian Hubert / DeGUISE 2, Ocean Springs, Mississippi, 1993. p. 74
505 _tOsamu Ishiyama, Casa para la Sra. Sugita y Sr. Hiyoshi, Chosei-gun, Chiba, Japón, 1994. p. 76
505 _tToshiaki Ishida / Casa en Umegaoka, Setagaya-ku, Tokio, 1994. p. 78
505 _tFranklin D. Israel / Casa Belldegrun Guest, Brentwood, California, 1994. p. 80
505 _tFranklin D. Israel / Casa Friedland, Jupiter, Florida, 1995. p. 82
505 _tGudmundur Jonsson / Una casa para la "mujer de la montaña", Svartifoss Waterfall, Islandia, 1993. p. 84
505 _tMichel Kaga / Casa sin fachada, París, Francia, 1993. p. 88
505 _tKappe Architects Planners / Residencia Srebnik, Palos Verdes, California, 1993. p. 92
505 _tKappe Architects Planners / Residencia Millner-Myler, Oaklond Hills, California, 1994. p. 94
505 _tAtsushi Kitagawara / Residencia Kitagawara, Setagaya-ku, Tokio, Japón, 1994. p. 96
505 _tShunji Kondo / Casa en Daiku-Machi, Otsu, Shiga, Japón, 1994. p. 98
505 _tMark Mack / Casa en Ketchum, Ketchum, Idaho, EE.UU, 1994.p. 100
505 _tMark Mack / Suter II, Buus, Baseland, Suiza, 1994. p. 102
505 _tMark Mack / Casa Monte curva, Minneapolis, Minnesota, 1994. p. 103
505 _tMecanoo / Residencia Kopenhagen, Dinamarca, 1995. p. 104
505 _tEnric Miralles / Casa en Barcelona, Barcelona, España, 1993. p. 108
505 _tEric Owen Moss / 2 R, Culver City, California, 1993. p. 110
505 _tMorthosis / Ampliación de la Residenica Landa, Manhattan Beath, California, 1994. p. 113
505 _tMorthosis / Residencia Blades, Santa Barbara, California, 1991. p. 116
505 _tTaeg Nishimoto / Residencia Harlan, Salt Lake City, Utah, 1993. p. 121
505 _tOffice for Metropolitan Architecture / Una casa holandesa, Países bajos, 1994. p. 124
505 _tDavid Rockwood / Casa Bóveda de hielo (Sky Vault House), Bend, Oregon, 1995. p. 128
505 _tWellington Reiter / Maison Vuitton, 1994. p. 131
505 _tROTOndi / Colonia de artistas de montaña de Dolarland, Temecula, 1994. p. 134
505 _tSmith-Miller Hawkinson / Casa para una neurobiólogo, Baiting Hollow, Long Island, Nueva york, 1994. p. 136
505 _tSmith-Miller Hawkinson / MAXmin /Damascus, Pennsylvania, 193. p. 140
505 _tSzyszkowitz-kowalski / Casa Habermayer, María Enzersdorf,Lower Austria, 1994. p. 144
505 _tSzyszkowitz-kowalski / Casa Mariagrun, Graz, Austria, 1995. p. 148
505 _tSzyszkowitz-kowalski / Casa Kulning, Graz, Austria, 1995. p. 149
505 _tSzyszkowitz-kowalski / Casa Hertle, Bad Mergentheim, Alemania, 1993. p. 150
505 _tSottsass Associati / Complejo turístico y club de golf Zhaoqing+Pueblo de la Prosperidad, República China, 1994. p. 152
505 _tPeter Waldman / Parcel X,North Garden, Virginia, 1994. p. 156
505 _tShoei Yoh / 6 Cubes in Light (6 cubos en luz), Minamata Kumamoto, Japón, 1994. p. 160
505 _tHideyuki Yamashita / Nested Cube in process (Cubo anidado en proceso), Kunimi-machi, Oita, Japón, 1993. p. 162
600 0 _919981
_aFoster, Norman,
_cSir,
_d1935-.
600 7 _92388
_aGehry, Frank O.
_d1929-
600 0 _99338
_aMiralles, Enric
_d1955-2000
_earq
600 0 _919981
_aFoster, Norman,
_d1935-.
_cSir,
600 7 _92388
_aGehry, Frank O.
_d1929-
650 4 _aArquitectura contemporánea
700 1 _aFujii, Wayne N.T
_eedt
_910562
908 _aImp
930 _e12319
942 _2udc
_cLIB
945 _d2020-03-12
980 _65
_aMaría Machado
_85
_gMaría Machado
999 _c12380
_d12380